00734nmc a2200241 a 4500003000900000005001700009008004100026040001300067100003200080245004900112260005300161300001500214490007900229650002500308650001500333650001100348650002200359650002100381650001900402650001500421655001500436700004100451AR-BaBNM20251128202857.0250020s1947 ||||||||||||||000 | spa|| cAR-BaBNM1 aMármol, Joséd1817-187110aPoesías completasbcomposiciones variasn2 aBuenos AiresbAcademia Argentina de Letrasc19471 axx, 275 p. 0aBiblioteca de la Academia Argentina de Letras. Clásicos argentinosvv. 6 4aLITERATURA ARGENTINA 4aANTOLOGIAS 4aPOESIA 4aROSAS Y SU TIEMPO 4aSIGLO DIECINUEVE 4aVIDA LITERARIA 4aBIOGRAFIAS aLITERATURA1 aArrieta, Rafael Albertoeprologuista